000 00683nam a2200277Ia 4500
005 20260324134352.0
008 008 260324s9999 xx 000 0 eng d
020 _a9780203996843
037 _aEBOOK
040 _aCRL
040 _beng
040 _cCRL
041 _2eng
041 _aeng
084 _qCRL
100 _aJae-Yong Chung; Richard J. Kirkby
_91196552
245 4 _aThe Political Economy of Development and Environment in Korea
260 _bTaylor and Francis
260 _c2002
365 _a
365 _b240
856 _uhttp://www.taylorfrancis.com/books/9780203996843
942 _cEBOOK
999 _c1796581
_d1796581